Scientific Names of All Australian Passerines - Statistics

General Stats
  • This quiz has been taken 7 times
  • The average score is 44 of 446
Answer Stats
Answer % Correct
Artamus
75%
australis
75%
Corvus
75%
Malurus
75%
Menura
75%
Oriolus
75%
Rhipidura
75%
Turdus
75%
Zosterops
75%
Anthus
50%
Aplonis
50%
Carduelis
50%
carduelis
50%
Chloris
50%
chloris
50%
cyaneus
50%
Dicrurus
50%
elegans
50%
Gerygone
50%
Grallina
50%
Gymnorhina
50%
Hirundo
50%
Lalage
50%
lineata
50%
mellori
50%
merula
50%
metallica
50%
Myiagra
50%
novaehollandiae
50%
Pardalotus
50%
Petroica
50%
Pitta
50%
Sturnus
50%
tasmanicus
50%
tibicen
50%
vulgaris
50%
Acanthis
25%
Acanthiza
25%
Acanthorhynchus
25%
Alauda
25%
alecto
25%
Anthochaera
25%
apicalis
25%
arvensis
25%
barbatus
25%
bracteatus
25%
buceroides
25%
carunculata
25%
Cecropis
25%
cinereus
25%
Cinnyris
25%
Cisticola
25%
Climacteris
25%
Colluricincla
25%
Cormobates
25%
Cracticus
25%
cyanoleuca
25%
daurica
25%
domesticus
25%
Entomyzon
25%
Eopsaltria
25%
Eopsaltria (Tregellasia)
25%
flammea
25%
flava
25%
flavocinctus
25%
frenatus
25%
frontalis
25%
graculina
25%
guttata
25%
gutturalis
25%
humilis
25%
jocosus
25%
leucomela
25%
leucophaea
25%
leucorynchus
25%
levigaster
25%
Lichmera
25%
magnificus
25%
Manorina
25%
melanocephala
25%
melanophrys
25%
melanops
25%
Meliphaga
25%
Melloria
25%
minor
25%
Monarcha
25%
montanus
25%
Motacilla
25%
mouki
25%
Myzomela
25%
nana
25%
Neochmia
25%
neoxena
25%
notata
25%
obscura
25%
occidentalis
25%
oculata
25%
Origma
25%
orru
25%
Orthonyx
25%
Pachycephala
25%
paradoxa
25%
Passer
25%
personatus
25%
phaeton
25%
Philemon
25%
philomelos
25%
Phylidonyris
25%
Ptiloris
25%
punctatus
25%
Pycnonotus
25%
pyrrhopterus
25%
rodinogaster
25%
rufiventris
25%
rustica
25%
sagittatus
25%
Sericornis
25%
Sericulus
25%
splendens
25%
Stomiopera
25%
Strepera
25%
temminckii
25%
tenuirostris
25%
torquatus
25%
tricolor
25%
tschutschensis
25%
versicolor
25%
victoriae
25%
Zoothera
25%
Acanthagenys
0%
Acanthornis
0%
Acridotheres
0%
Acrocephalus
0%
acuticauda
0%
affinis
0%
Ailuroedus
0%
alberti
0%
albifrons
0%
albilineata
0%
albiscapa
0%
albogularis
0%
alisteri
0%
amabilis
0%
Amytornis
0%
Aphelocephala
0%
argenteus
0%
argenticeps
0%
ariel
0%
Arses
0%
Ashbyia
0%
assimilis
0%
Atrichornis
0%
aurifrons
0%
ballarae
0%
beccarii
0%
bella
0%
bennetti
0%
bichenovii
0%
Bolemoreus
0%
boodang
0%
boweri
0%
brachypterus
0%
brevirostris
0%
broadbenti
0%
brunneopygia
0%
brunneus
0%
Calamanthus
0%
Caligavis
0%
campestris
0%
cantoroides
0%
capito
0%
carteri
0%
Carterornis
0%
castaneothorax
0%
castanotum
0%
cauta
0%
Certhionyx
0%
cerviniventris
0%
Cheramoeca
0%
Chlamydera
0%
Chloebia
0%
chloronota
0%
chloropsis
0%
chrysocephalus
0%
chrysops
0%
chrysoptera
0%
chrysorrhoa
0%
Cincloramphus
0%
Cinclosoma
0%
cincta
0%
cinerea
0%
cinereifrons
0%
cinnamomeum
0%
Cissomela
0%
citreogularis
0%
citrinella
0%
clamosus
0%
clarum
0%
cockerelli
0%
Conopophila
0%
Coracina
0%
Corcorax
0%
corniculatus
0%
coronatus
0%
coronoides
0%
crassirostris
0%
cratitius
0%
cristatus
0%
crocea
0%
cruralis
0%
cucullata
0%
cyanopterus
0%
cyanotis
0%
Daphoenositta
0%
Dasyornis
0%
dentirostris
0%
Dicaeum
0%
dorotheae
0%
dryas
0%
Drymodes
0%
Edolisoma
0%
Emblema
0%
Emblema (Aidemosyne)
0%
Epthianura
0%
erythrocephala
0%
Erythropitta
0%
erythropleurus
0%
erythrops
0%
Erythrura
0%
ewingii
0%
exilis
0%
Falcunculus
0%
fallax
0%
fasciatus
0%
fascinans
0%
fasciogularis
0%
flavescens
0%
flavicollis
0%
flavigaster
0%
flavigula
0%
flaviprymna
0%
flaviventer
0%
floccosus
0%
fordiana
0%
frater
0%
frontatus
0%
fuliginosa
0%
fuliginosus
0%
fusca
0%
Gavicalis
0%
geelvinkianum
0%
georgiana
0%
Gliciphila
0%
Glycichaera
0%
goodenovii
0%
gouldiae
0%
goyderi
0%
gracilis
0%
gramineus
0%
Grantiella
0%
griseoceps
0%
griseogularis
0%
gularis
0%
halli
0%
harmonica
0%
heinei
0%
Heteromunia
0%
Heteromyias
0%
hindwoodi
0%
hirundinaceum
0%
housei
0%
Hylacola
0%
imitatrix
0%
indistincta
0%
inornata
0%
inquieta
0%
iredalei
0%
iris
0%
javanica
0%
juncidis
0%
katherina
0%
kaupi
0%
keartlandi
0%
Kempiella
0%
keraudrenii
0%
keri
0%
lamberti
0%
lanceolata
0%
lanioides
0%
lateralis
0%
leucogaster
0%
leucophrys
0%
leucops
0%
leucopsis
0%
leucopterus
0%
leucosterna
0%
leucotis
0%
lewinii
0%
Lichenostomus
0%
Lonchura
0%
longirostris
0%
lorealis
0%
lovensis
0%
lunatus
0%
lunulata
0%
luteus
0%
Machaerirhynchus
0%
macklotii
0%
maclaeyanus
0%
maculata
0%
maculatus
0%
maculosus
0%
magna
0%
magnirostra
0%
magnirostris
0%
malachurus
0%
mallee
0%
marginatum
0%
mathewsi
0%
maxima
0%
megarhyncha
0%
melanocephalus
0%
Melanodryas
0%
melanopsis
0%
melanorhamphos
0%
melanotis
0%
melanura
0%
melanurus
0%
Melithreptus
0%
mentalis
0%
merrotsyi
0%
Microeca
0%
Mirafra
0%
modesta
0%
modestus
0%
montanellus
0%
multicolor
0%
natalis
0%
Neosericornis
0%
Nesoptilotis
0%
newtoniana
0%
niger
0%
nigricans
0%
nigricincta
0%
nigrogularis
0%
nigrum
0%
nuchalis
0%
olivacea
0%
olivaceus
0%
Oreoica
0%
Oreoscopus
0%
ornata
0%
oryzivora
0%
oweni
0%
Padda
0%
palpebrosa
0%
papuensis
0%
paradiseus
0%
pectoralis
0%
penicillata
0%
personata
0%
Petrochelidon
0%
phasiana
0%
phoenicea
0%
Phonygammus
0%
phrygia
0%
picta
0%
pictum
0%
picumnus
0%
Plectorhyncha
0%
plumula
0%
Poecilodryas
0%
Poephila
0%
Pomatostomus
0%
Poodytes
0%
Prionodura
0%
Psophodes
0%
Ptilonorhynchus
0%
Ptilotula
0%
pulcherrimus
0%
pulverulenta
0%
punctatum
0%
punctulata
0%
Purnella
0%
purnelli
0%
pusilla
0%
Pycnoptilus
0%
Pyrrholaemus
0%
pyrrhopygia
0%
quadragintus
0%
quoyi
0%
Ramsayornis
0%
reguloides
0%
robustirostris
0%
rosea
0%
rowleyi
0%
rubecula
0%
rubricatus
0%
rufescens
0%
ruficauda
0%
ruficeps
0%
ruficollis
0%
rufifrons
0%
rufogaster
0%
rufogularis
0%
rufus
0%
sanguinolenta
0%
Scenopoeetes
0%
simplex
0%
Smicrornis
0%
solitaria
0%
spaldingii
0%
Sphecotheres
0%
Stagonopleura
0%
Stipiturus
0%
Stizoptera
0%
striatus
0%
Struthidea
0%
Sugomel
0%
superciliaris
0%
superciliosa
0%
superciliosus
0%
Symposiachrus
0%
Taeniopygia
0%
temporalis
0%
tenebrosa
0%
tenuirostre
0%
textilis
0%
timoriensis
0%
Trichodere
0%
trichroa
0%
tristis
0%
trivirgatus
0%
unicolor
0%
uropygialis
0%
validirostris
0%
variegatus
0%
vieilloti
0%
violaceus
0%
virescens
0%
vittata
0%
whitei
0%
woodwardi
0%
Xanthotis
0%
No matching quizzes found
Score Distribution
Percent of People with Each Score
Percentile by Number Answered
Your Score History
You have not taken this quiz